<?xml version="1.0" encoding="UTF-8"?>
<record
    xmlns:xsi="http://www.w3.org/2001/XMLSchema-instance"
    xsi:schemaLocation="http://www.loc.gov/MARC21/slim http://www.loc.gov/standards/marcxml/schema/MARC21slim.xsd"
    xmlns="http://www.loc.gov/MARC21/slim">

  <leader>01029nam a2200217Ia 4500</leader>
  <datafield tag="999" ind1=" " ind2=" ">
    <subfield code="c">53524</subfield>
    <subfield code="d">53524</subfield>
  </datafield>
  <controlfield tag="001">20570</controlfield>
  <controlfield tag="003">GE_BSU</controlfield>
  <controlfield tag="005">20210222154747.0</controlfield>
  <controlfield tag="008">181216s2011||||ge |||||||||||||| ||geo||</controlfield>
  <datafield tag="040" ind1=" " ind2=" ">
    <subfield code="c">GE_BSU</subfield>
  </datafield>
  <datafield tag="041" ind1=" " ind2=" ">
    <subfield code="a">geo</subfield>
  </datafield>
  <datafield tag="080" ind1=" " ind2=" ">
    <subfield code="a">611(075.8) &#x10EE;-46</subfield>
  </datafield>
  <datafield tag="100" ind1=" " ind2=" ">
    <subfield code="a">&#x10EE;&#x10D4;&#x10EA;&#x10E3;&#x10E0;&#x10D8;&#x10D0;&#x10DC;&#x10D8;, &#x10E0;&#x10D0;&#x10DB;&#x10D0;&#x10D6;</subfield>
    <subfield code="9">629</subfield>
  </datafield>
  <datafield tag="245" ind1=" " ind2=" ">
    <subfield code="a">&#x10D0;&#x10D3;&#x10D0;&#x10DB;&#x10D8;&#x10D0;&#x10DC;&#x10D8;&#x10E1; &#x10DC;&#x10DD;&#x10E0;&#x10DB;&#x10D0;&#x10DA;&#x10E3;&#x10E0;&#x10D8; &#x10D0;&#x10DC;&#x10D0;&#x10E2;&#x10DD;&#x10DB;&#x10D8;&#x10D0; :</subfield>
    <subfield code="b"> &#x10E1;&#x10D0;&#x10EE;&#x10D4;&#x10DA;&#x10DB;&#x10EB;&#x10E6;&#x10D5;&#x10D0;&#x10DC;&#x10D4;&#x10DA;&#x10DD; &#x10E1;&#x10D0;&#x10DB;&#x10D4;&#x10D3;&#x10D8;&#x10EA;&#x10D8;&#x10DC;&#x10DD; &#x10E3;&#x10DB;&#x10D0;&#x10E6;&#x10DA;&#x10D4;&#x10E1;&#x10D8; &#x10E1;&#x10D9;&#x10DD;&#x10DA;&#x10D8;&#x10E1; &#x10E1;&#x10E2;&#x10E3;&#x10D3;&#x10D4;&#x10DC;&#x10E2;&#x10D0;&#x10D7;&#x10D5;&#x10D8;&#x10E1; /</subfield>
    <subfield code="c"> &#x10E0;&#x10D0;&#x10DB;&#x10D0;&#x10D6; &#x10EE;&#x10D4;&#x10EA;&#x10E3;&#x10E0;&#x10D8;&#x10D0;&#x10DC;&#x10D8; ; &#x10E1;&#x10D0;&#x10DB;&#x10D4;&#x10EA;.&#x10E0;&#x10D4;&#x10D3;. &#x10D0;&#x10E1;&#x10DB;&#x10D0;&#x10D7; &#x10E8;&#x10E3;&#x10D9;&#x10D0;&#x10D9;&#x10D8;&#x10EB;&#x10D4;.</subfield>
  </datafield>
  <datafield tag="264" ind1=" " ind2=" ">
    <subfield code="a">&#x10D7;&#x10D1;&#x10D8;&#x10DA;&#x10D8;&#x10E1;&#x10D8; :</subfield>
    <subfield code="b">&#x10E4;&#x10D0;&#x10D5;&#x10DD;&#x10E0;&#x10D8;&#x10E2;&#x10D8; &#x10DE;&#x10E0;&#x10D8;&#x10DC;&#x10E2;&#x10D8;,</subfield>
    <subfield code="c">2011.</subfield>
  </datafield>
  <datafield tag="300" ind1=" " ind2=" ">
    <subfield code="a">338 &#x10D2;&#x10D5;. :</subfield>
    <subfield code="b"> &#x10E1;&#x10E3;&#x10E0;. ;</subfield>
    <subfield code="c"> 23 &#x10E1;&#x10DB;.</subfield>
  </datafield>
  <datafield tag="541" ind1=" " ind2=" ">
    <subfield code="h">36 &#x10DA;.</subfield>
  </datafield>
  <datafield tag="653" ind1=" " ind2=" ">
    <subfield code="a">&#x10D0;&#x10D3;&#x10D0;&#x10DB;&#x10D8;&#x10D0;&#x10DC;&#x10D8;&#x10E1; &#x10DC;&#x10DD;&#x10E0;&#x10DB;&#x10D0;&#x10DA;&#x10E3;&#x10E0;&#x10D8; &#x10D0;&#x10DC;&#x10D0;&#x10E2;&#x10DD;&#x10DB;&#x10D8;&#x10D0;</subfield>
  </datafield>
  <datafield tag="653" ind1=" " ind2=" ">
    <subfield code="a">&#x10DB;&#x10D4;&#x10D3;&#x10D8;&#x10EA;&#x10D8;&#x10DC;&#x10D0;</subfield>
  </datafield>
  <datafield tag="942" ind1=" " ind2=" ">
    <subfield code="c">BK</subfield>
    <subfield code="2">udc</subfield>
  </datafield>
</record>
